00621 2200205 4500001002100000005001700021008004100038035002400079082001000103090001800113245002700131260012500158300002800283440001700311650003800328850001500366980001300381985000600394999001500400YOGYA-0209000003238320090227024659.0 ind  0010-020900000032383 a631.3 a631.3bPenlT aPENUNTUN membuat pacul aJakartabDepartemen Perindustrian Proyek Bimbingan dan Pengembangan Industri kecil khusus golongan ekonomi lemahc[1975] aiii, 9 hlmbilusc21 cm aSeri Bipik 4 aPertanian - Alat dan perlengkapan aYOPDYOG(B) a13-12-06 a1 a06A0018650